| 000 | 01085nam a22003137a 4500 | ||
|---|---|---|---|
| 001 | 7743 | ||
| 003 | FISKH | ||
| 005 | 20250801160312.0 | ||
| 008 | 250801b cb ||||| |||| 00| 0 eng d | ||
| 040 |
_aFISKH _beng _cFISKH _dFISKH |
||
| 050 | _aKF8745.M34 C37 | ||
| 082 | _a347.73 | ||
| 100 | _aCarpenter, Eric | ||
| 245 |
_aYoung Thurgood Marshall : _bFighter for quality / _cby Eric Carpenter : illustrated by James Watling |
||
| 250 | _aFirst Scholastic printing, February 2007 | ||
| 260 |
_aNew York : _bScholastic , _c1996. |
||
| 300 |
_a32 pages : _bcolor illustrations ; _c23 cm . |
||
| 490 | _aFirst-Start Biographies | ||
| 505 | _aK | ||
| 520 | _aExamines the life of the first black man to be appointed an associate justice of the highest court in the country. | ||
| 521 | 8 |
_a510
_bLexile estimate |
|
| 521 | 8 |
_aK
_bRaz-Plus |
|
| 650 |
_aAfrican Americans _vNon-fiction |
||
| 650 |
_aBlack Americans _vNon-fiction |
||
| 650 |
_aSupreme Court _vNon-fiction |
||
| 700 |
_aWatling, James _eIllustrator |
||
| 942 |
_2ddc _cBK _n0 |
||
| 999 |
_c7743 _d7743 |
||